| Tag |
First Indicator |
Second Indicator |
Subfields |
| LEADER |
00000pam a2200000 a 4500 |
| 001 |
in00000090220 |
| 005 |
20151008065634.0 |
| 008 |
810708s1981 njua 00100 eng |
| 010 |
|
|
|a 81011134
|
| 020 |
|
|
|a 083290113X
|
| 035 |
|
|
|a (OCoLC)07614775
|
| 035 |
|
|
|9 AAK6307AM
|
| 039 |
0 |
|
|a 2
|b 3
|c 3
|d 3
|e 3
|
| 040 |
|
|
|a DLC
|c DLC
|d TXA
|d UtOrBLW
|
| 049 |
|
|
|a TXAM
|c [1633257]
|
| 050 |
0 |
0 |
|a GV838.74
|b L53
|
| 082 |
0 |
|
|a 363.1/4
|2 19
|
| 245 |
0 |
0 |
|a Lifesaving and marine safety /
|c United States Lifesaving Association.
|
| 264 |
|
1 |
|a Piscataway, NJ :
|b Association Press :
|b New Century Publishers,
|c [1981]
|
| 264 |
|
4 |
|c ©1981
|
| 300 |
|
|
|a ix, 256 pages :
|b illustrations ;
|c 23 cm.
|
| 336 |
|
|
|a text
|b txt
|2 rdacontent
|
| 337 |
|
|
|a unmediated
|b n
|2 rdamedia
|
| 338 |
|
|
|a volume
|b nc
|2 rdacarrier
|
| 500 |
|
|
|a Includes index.
|
| 650 |
|
0 |
|a Lifeguards
|x Training of.
|
| 650 |
|
0 |
|a Lifesaving
|x Study and teaching.
|
| 710 |
2 |
|
|a United States Lifesaving Association.
|
| 999 |
|
|
|a MARS
|
| 999 |
f |
f |
|s 8f96ab03-e4e7-39ae-9d46-c712fe5a8f03
|i a5fac2ff-1fe2-335f-a610-6a930b84f7b5
|t 0
|
| 952 |
f |
f |
|p ric
|a Texas A&M University
|b Rellis Campus
|c Joint Library Facility
|d Remote Storage
|t 0
|e GV838.74 L53
|h Library of Congress classification
|i unmediated -- volume
|m A14806003540
|
| 998 |
f |
f |
|a GV838.74 L53
|t 0
|l Remote Storage
|